00545njm a2200157 i 4500001001100000003000500011005001700016008004100033040002500074245009700099264007000196336002100266337002500287338002300312500005200335C2-0260469PPAK20180729152225.0041017s1993 my |||| ||||| | may d aPPAKbengcPPAKerda00aHubungan company Inggeris dengan kerajaan negeri Kedah menerusi surat menyurat Francis Light 1aAlor Setar, Kedah : bPerbadanan Perpustakaan Awam Kedah , c1993 2rdacontentatext 2rdamediaaunmediated 2rdacarrieravolume aMempunyai transkripsi ; Dirakam pada 25/10/1993